Αθλητική ψυχο-κοινωνιολογία : δοκίμια

Saved in:
Bibliographic Details
Main Author: Λύτρας, Περικλής Ν., 1953-
Format: Book
Language:Greek
Published: Αθήνα : Θεωρία, 1983
Series:Ιδέες
Subjects:
Tags: Add Tag
No Tags, Be the first to tag this record!

MARC

LEADER 00000cam a2200000 i 4500
001 1/89610
008 961021s1983 gr | ||| |||| ||gre||
035 |l 10007257 
040 |a GR-MY-UA  |b gre  |e aacr 
041 0 |a gre 
082 0 |a 306.483 
100 1 |a Λύτρας, Περικλής Ν.,   |d 1953- 
245 1 0 |a Αθλητική ψυχο-κοινωνιολογία :  |b δοκίμια /  |c Περικλής Λύτρας 
260 |a Αθήνα :   |b Θεωρία,   |c 1983 
300 |a 163 σ. 
490 1 |a Ιδέες 
500 |a Περιέχει βιβλιογραφία 
650 0 0 |a Sports. 
650 0 0 |a Sports  |x Psychological aspects. 
650 0 0 |a Sports  |x Social aspects. 
830 0 |a Ιδέες 
852 |a INST  |b LESVOS  |e 19961021  |h 306.483 ΛΥΤ  |p 005100008974  |q 005100008974  |t BK  |y 0 
909 |a Λ  |b 011243